2023 Colorado Rockies Leaders - Statistics

General Stats
  • This quiz has been taken 3 times
  • The average score is 17 of 54
Answer Stats
Statistic Player % Correct
Youngest - 21 Ezequiel Tovar
100%
3B - 5 Blackmon/Doyle
67%
SB - 22 Brenton Doyle
67%
CS - 5 Doyle/McMahon/Tovar
67%
G (Batting) - 153 Ezequiel Tovar
67%
2B - 37 Ezequiel Tovar
67%
RBI - 73 Ezequiel Tovar
67%
G (Pitching) - 70 Jake Bird
67%
BA - .297 Nolan Jones
67%
OBP - .389 Nolan Jones
67%
SLG - .542 Nolan Jones
67%
OPS - .931 Nolan Jones
67%
OPS+ - 138 Nolan Jones
67%
IBB (Batting) - 3 Nolan Jones
67%
W - 9 Austin Gomber
33%
Oldest - 38 Daniel Bard
33%
AB - 581 Ezequiel Tovar
33%
H (Batting) - 147 Ezequiel Tovar
33%
L - 14 Kyle Freeland
33%
GS - 29 Kyle Freeland
33%
IP - 155.2 Kyle Freeland
33%
H (Pitching) - 187 Kyle Freeland
33%
R (Pitching) - 96 Kyle Freeland
33%
ER - 87 Kyle Freeland
33%
HR (Pitching) - 29 Kyle Freeland
33%
SO (Pitching) - 94 Kyle Freeland
33%
BF - 677 Kyle Freeland
33%
SV - 13 Pierce Johnson
33%
PA - 627 Ryan McMahon
33%
R (Batting) - 80 Ryan McMahon
33%
HR (Batting) - 23 Ryan McMahon
33%
BB (Batting) - 68 Ryan McMahon
33%
SO (Batting) - 198 Ryan McMahon
33%
TB - 239 Ryan McMahon
33%
GDP - 19 Ryan McMahon
33%
ERA - 3.38 Brent Suter
0%
ERA+ - 150 Brent Suter
0%
FIP - 3.44 Brent Suter
0%
WHIP - 1.298 Brent Suter
0%
HR9 - 0.4 Brent Suter
0%
HBP (Batting) - 11 Charlie Blackmon
0%
W-L% - .667 Daniel Bard
0%
BB (Pitching) - 49 Daniel Bard
0%
HBP (Pitching) - 8 Daniel Bard
0%
H9 - 6.4 Daniel Bard
0%
SH - 3 Doyle/Wynns
0%
WP - 5 Gomber/Seabold
0%
SO/W - 2.85 Jake Bird
0%
SF - 5 Jurickson Profar
0%
GF - 29 Justin Lawrence
0%
IBB (Pitching) - 4 Justin Lawrence
0%
SO9 - 9.4 Justin Lawrence
0%
BB9 - 2.4 Kyle Freeland
0%
BK - 2 Ryan Feltner
0%
No matching quizzes found
Score Distribution
Percent of People with Each Score
Percentile by Number Answered
Your Score History
You have not taken this quiz